000 00695nam a2200229 a 4500
001 11420
003 BD-RjUL
005 20211208235125.0
008 140126s1962 nyua b 001 0 eng d
035 _a(BD-RjUL)11469
040 _aBD-RjUL
_beng
_cBD-RjUL
_dBD-RjUL
041 _aeng
082 0 0 _a547.84
_bSTI 1962
100 1 _aStille, John K.
_q(John Kenneth),
_d1930-
_935299
245 1 0 _aIntroduction to polymer chemistry /
_cJohn K. Stille.
260 _aNew York ;
_aLondon :
_bWiley,
_cc1962.
300 _axi, 248 p. :
_bill. ;
_c24 cm.
504 _aIncludes bibliographical references and index.
650 0 _aPolymerization.
_935300
650 0 _aPolymers.
_935301
942 _2ddc
_cBK
999 _c11420
_d11420